=LDR 00000nam 2200000 4500 =001 INLIS000000000063743 =005 20240709090718 =035 ##$$a 0010-0724000040 =007 ta =008 240709################g##########0#ind## =020 ##$$a 978-623-00-1503-8 =082 ##$$a 951.904 2 =084 ##$$a 951.904 2 MIC p =100 #$$a Mickael Wicaksono =245 1#$$a Perang Korea pertikaian terpanjang dua saudara /$c Mickael Wicaksono =260 ##$$a Jakarta :$b PT. Elex Media Komputindo,$c 2020 =300 ##$$a xii, 310 halaman ; $c 14 x 20 cm =650 #4$$a Perang-Korea =990 ##$$a 12731273